[Event "Women's Baku Chess Olympiad"]
[Site "chess24.com"]
[Date "2016.09.05"]
[Round "4"]
[White "Pogonina, Natalija"]
[Black "Gara, Anita"]
[Result "*"]
[Board "4"]
[WhiteID "4147855"]
[WhiteElo "2484"]
[WhiteTitle "WGM"]
[WhiteCountry "RUS"]
[WhiteFideId "4147855"]
[BlackID "709751"]
[BlackElo "2355"]
[BlackTitle "IM"]
[BlackCountry "HUN"]
[BlackFideId "709751"]

1. d4 {[%clk 1:30:56]} Nf6 {[%clk 1:30:51]} 2. c4 {[%clk 1:31:21]} g6 {[%clk
1:31:13]} 3. Nc3 {[%clk 1:31:35]} d5 {[%clk 1:31:30]} 4. Bg5 {[%clk 1:29:52]} Ne4
{[%clk 1:31:31]} 5. Bh4 {[%clk 1:29:35]} Nxc3 {[%clk 1:31:47]} 6. bxc3 {[%clk
1:30:01]} dxc4 {[%clk 1:32:01]} 7. e3 {[%clk 1:30:10]} Be6 {[%clk 1:31:54]} 8.
Nh3 {[%clk 1:29:53]} Bh6 {[%clk 1:31:29]} 9. Be2 {[%clk 1:12:27]} Nd7 {[%clk
1:27:34]} 10. O-O {[%clk 1:09:56]} Nb6 {[%clk 1:19:05]} 11. a4 {[%clk 0:57:58]}
a5 {[%clk 1:19:13]} 12. Qc2 {[%clk 0:58:23]} O-O {[%clk 1:15:43]} 13. Ng5 {[%clk
0:51:26]} Bf5 {[%clk 1:06:04]} 14. Qa2 {[%clk 0:50:19]} Bxg5 {[%clk 1:00:42]} 15.
Bxg5 {[%clk 0:50:13]} Bd7 {[%clk 0:58:59]} 16. Bxc4 {[%clk 0:39:23]} Nxa4 {[%clk
0:48:03]} 17. Qa3 {[%clk 0:27:53]} c5 {[%clk 0:33:16]} 18. dxc5 {[%clk 0:20:08]}
Rc8 {[%clk 0:29:36]} 19. c6 {[%clk 0:17:49]} Bxc6 {[%clk 0:29:30]} 20. Bxe7
{[%clk 0:13:16]} Qd7 {[%clk 0:25:29]} 21. Bxf8 {[%clk 0:13:28]} Rxf8 {[%clk
0:22:36]} 22. Rfd1 {[%clk 0:12:32]} Qf5 {[%clk 0:20:47]} 23. Rd4 {[%clk 0:11:43]}
Qg5 {[%clk 0:15:37]} 24. Bf1 {[%clk 0:11:39]} b5 {[%clk 0:14:56]} 25. Rad1 {[%clk
0:11:01]} Kg7 {[%clk 0:13:41]} 26. h4 {[%clk 0:09:17]} Qe5 {[%clk 0:10:31]} 27.
Rd8 {[%clk 0:07:57]} Re8 {[%clk 0:07:18]} 28. Rxe8 {[%clk 0:07:17]} Bxe8 {[%clk
0:07:32]} 29. Rd8 {[%clk 0:07:06]} Qe4 {[%clk 0:05:14]} 30. Bxb5 {[%clk 0:04:23]}
Qb1+ {[%clk 0:02:41]} 31. Bf1 {[%clk 0:04:43]} Qe4 {[%clk 0:03:05]} *

[Event "Women's Baku Chess Olympiad"]
[Site "chess24.com"]
[Date "2016.09.05"]
[Round "4"]
[White "Foisor, Cristina-Adela"]
[Black "Mammadzada, Gunay"]
[Result "1-0"]
[Board "2"]
[WhiteID "1200496"]
[WhiteElo "2353"]
[WhiteTitle "IM"]
[WhiteCountry "ROU"]
[WhiteFideId "1200496"]
[WhiteEloChange "10"]
[BlackID "13403729"]
[BlackElo "2361"]
[BlackTitle "WGM"]
[BlackCountry "AZE"]
[BlackFideId "13403729"]
[BlackEloChange "-10"]

1. d4 {[%clk 1:30:55]} d5 {[%clk 1:30:53]} 2. c4 {[%clk 1:31:17]} c6 {[%clk
1:31:20]} 3. Nc3 {[%clk 1:31:39]} Nf6 {[%clk 1:31:23]} 4. e3 {[%clk 1:31:57]} e6
{[%clk 1:25:21]} 5. Nf3 {[%clk 1:32:17]} Nbd7 {[%clk 1:25:47]} 6. Qc2 {[%clk
1:32:34]} Bd6 {[%clk 1:25:57]} 7. Be2 {[%clk 1:32:32]} O-O {[%clk 1:24:11]} 8.
O-O {[%clk 1:32:56]} dxc4 {[%clk 1:20:58]} 9. Bxc4 {[%clk 1:33:19]} b5 {[%clk
1:20:45]} 10. Be2 {[%clk 1:31:09]} a6 {[%clk 1:15:54]} 11. Rd1 {[%clk 1:31:18]}
Qc7 {[%clk 1:14:38]} 12. h3 {[%clk 1:27:17]} c5 {[%clk 1:05:25]} 13. dxc5 {[%clk
1:18:22]} Bxc5 {[%clk 1:00:29]} 14. Ne4 {[%clk 1:13:37]} Nxe4 {[%clk 0:58:52]}
15. Qxe4 {[%clk 1:14:02]} Bb7 {[%clk 0:59:02]} 16. Qf4 {[%clk 1:13:24]} Qxf4
{[%clk 0:45:34]} 17. exf4 {[%clk 1:13:44]} Nb6 {[%clk 0:45:52]} 18. Ne5 {[%clk
1:11:51]} Rfc8 {[%clk 0:41:09]} 19. Bd2 {[%clk 1:07:04]} Bd5 {[%clk 0:31:57]} 20.
Ba5 {[%clk 1:01:43]} Na4 {[%clk 0:22:07]} 21. b3 {[%clk 0:58:06]} Bb6 {[%clk
0:22:01]} 22. Bxb6 {[%clk 0:56:15]} Nxb6 {[%clk 0:22:30]} 23. Rd2 {[%clk
0:55:01]} Kf8 {[%clk 0:21:23]} 24. Rad1 {[%clk 0:53:26]} g6 {[%clk 0:21:23]} 25.
h4 {[%clk 0:51:47]} b4 {[%clk 0:15:24]} 26. Ng4 {[%clk 0:52:03]} Ke7 {[%clk
0:12:15]} 27. Ne3 {[%clk 0:51:51]} Ra7 {[%clk 0:12:12]} 28. Kh2 {[%clk 0:49:48]}
a5 {[%clk 0:12:09]} 29. Rd4 {[%clk 0:49:59]} Rc5 {[%clk 0:08:58]} 30. Kg3 {[%clk
0:48:07]} Rac7 {[%clk 0:08:38]} 31. Bf3 {[%clk 0:47:35]} Bxf3 {[%clk 0:08:09]}
32. Kxf3 {[%clk 0:48:00]} h5 {[%clk 0:03:45]} 33. g3 {[%clk 0:47:08]} Rc1 {[%clk
0:03:38]} 34. R1d2 {[%clk 0:45:02]} R1c5 {[%clk 0:03:01]} 35. Re4 {[%clk
0:41:13]} Rd7 {[%clk 0:02:11]} 36. Ke2 {[%clk 0:38:35]} Rxd2+ {[%clk 0:01:01]}
37. Kxd2 {[%clk 0:39:00]} Nd5 {[%clk 0:00:58]} 38. Rc4 {[%clk 0:27:49]} Rb5
{[%clk 0:01:25]} 39. Rc8 {[%clk 0:22:32]} Nc3 {[%clk 0:00:33]} 40. a4 {[%clk
0:52:29]} Ne4+ {[%clk 0:30:31]} 41. Kd3 {[%clk 0:47:32]} Rc5 {[%clk 0:29:39]} 42.
Rxc5 {[%clk 0:40:16]} Nxc5+ {[%clk 0:30:04]} 43. Kc4 {[%clk 0:38:54]} Kd6 {[%clk
0:28:56]} 44. f3 {[%clk 0:39:01]} Kc6 {[%clk 0:27:48]} 45. Nf1 {[%clk 0:35:37]}
Nd7 {[%clk 0:16:42]} 46. Nd2 {[%clk 0:34:42]} e5 {[%clk 0:12:56]} 47. fxe5 {[%clk
0:34:55]} Nxe5+ {[%clk 0:13:24]} 48. Kd4 {[%clk 0:35:21]} Kd6 {[%clk 0:12:49]}
49. f4 {[%clk 0:17:27]} Nc6+ {[%clk 0:12:34]} 50. Kc4 {[%clk 0:17:52]} Ne7 {[%clk
0:08:33]} 51. Kb5 {[%clk 0:16:36]} Kd5 {[%clk 0:08:07]} 52. Nc4 {[%clk 0:15:06]}
Kd4 {[%clk 0:08:09]} 53. Nxa5 {[%clk 0:14:55]} Kc3 {[%clk 0:08:22]} 54. Kc5
{[%clk 0:12:52]} f6 {[%clk 0:08:01]} 55. Kd6 {[%clk 0:10:41]} Nf5+ {[%clk
0:08:12]} 56. Ke6 {[%clk 0:11:06]} Nxg3 {[%clk 0:05:49]} 57. Kxf6 {[%clk
0:11:28]} Ne2 {[%clk 0:06:13]} 58. Kxg6 {[%clk 0:10:46]} Nxf4+ {[%clk 0:06:16]}
59. Kg5 {[%clk 0:11:12]} Ne6+ {[%clk 0:06:30]} 60. Kxh5 {[%clk 0:11:28]} Nd4
{[%clk 0:06:40]} 61. Kg5 {[%clk 0:09:04]} Nxb3 {[%clk 0:06:59]} 62. Nxb3 {[%clk
0:08:53]} Kxb3 {[%clk 0:07:25]} 63. a5 {[%clk 0:09:19]} Kc4 {[%clk 0:06:33]} 64.
a6 {[%clk 0:09:42]} b3 {[%clk 0:07:00]} 65. a7 {[%clk 0:10:09]} b2 {[%clk
0:07:28]} 66. a8Q {[%clk 0:10:32]} b1Q {[%clk 0:07:53]} 67. Qc6+ {[%clk 0:10:07]}
Kd4 {[%clk 0:07:42]} 68. Qf6+ {[%clk 0:09:21]} Kc4 {[%clk 0:05:56]} 69. Qf5
{[%clk 0:06:28]} Qb2 {[%clk 0:05:13]} 70. h5 {[%clk 0:05:59]} Qg7+ {[%clk
0:05:17]} 71. Kf4 {[%clk 0:06:14]} Qc7+ {[%clk 0:04:09]} 72. Kf3 {[%clk 0:06:29]}
Kc3 {[%clk 0:03:29]} 73. Qf6+ {[%clk 0:06:19]} Kd3 {[%clk 0:03:41]} 74. h6 {[%clk
0:05:58]} Qb7+ {[%clk 0:03:27]} 75. Kg3 {[%clk 0:06:19]} Qa7 {[%clk 0:01:42]} 76.
Qf5+ {[%clk 0:05:55]} Kc4 {[%clk 0:01:45]} 77. h7 {[%clk 0:05:34]} Qg1+ {[%clk
0:01:49]} 78. Kh4 {[%clk 0:05:57]} Qh2+ {[%clk 0:01:01]} 79. Kg5 {[%clk 0:06:16]}
Kb3 {[%clk 0:00:39]} 80. Qe6+ {[%clk 0:04:43]} Ka3 {[%clk 0:00:42]} 1-0

[Event "Women's Baku Chess Olympiad"]
[Site "chess24.com"]
[Date "2016.09.05"]
[Round "4"]
[White "Batyte, Daiva"]
[Black "Zhylkaidarova, Sholpan"]
[Result "0-1"]
[Board "3"]
[WhiteID "12801860"]
[WhiteElo "2189"]
[WhiteTitle "WFM"]
[WhiteCountry "LTU"]
[WhiteFideId "12801860"]
[WhiteEloChange "-11"]
[BlackID "13700138"]
[BlackElo "2162"]
[BlackTitle "WFM"]
[BlackCountry "KAZ"]
[BlackFideId "13700138"]
[BlackEloChange "11"]

1. c4 {[%clk 1:30:57]} e5 {[%clk 1:30:22]} 2. Nc3 {[%clk 1:31:14]} Bb4 {[%clk
1:30:21]} 3. Nd5 {[%clk 1:26:44]} Bc5 {[%clk 1:29:14]} 4. e3 {[%clk 1:23:58]} c6
{[%clk 1:22:53]} 5. Nc3 {[%clk 1:20:20]} d5 {[%clk 1:11:58]} 6. cxd5 {[%clk
1:14:52]} cxd5 {[%clk 1:12:11]} 7. d4 {[%clk 1:14:59]} exd4 {[%clk 1:08:45]} 8.
exd4 {[%clk 1:12:12]} Bb6 {[%clk 1:07:02]} 9. Bb5+ {[%clk 1:08:30]} Nc6 {[%clk
1:05:08]} 10. Nge2 {[%clk 1:06:04]} Ne7 {[%clk 1:01:29]} 11. O-O {[%clk 1:05:06]}
O-O {[%clk 1:01:09]} 12. Be3 {[%clk 0:57:10]} Nf5 {[%clk 0:55:15]} 13. Bd3 {[%clk
0:50:10]} Re8 {[%clk 0:43:42]} 14. Nf4 {[%clk 0:47:50]} Nce7 {[%clk 0:40:00]} 15.
Qh5 {[%clk 0:41:32]} g6 {[%clk 0:37:55]} 16. Qd1 {[%clk 0:38:35]} Qd6 {[%clk
0:30:15]} 17. Nb5 {[%clk 0:30:04]} Qf6 {[%clk 0:27:37]} 18. Rc1 {[%clk 0:28:09]}
Bd7 {[%clk 0:25:07]} 19. Nc3 {[%clk 0:17:50]} Bc6 {[%clk 0:24:04]} 20. Bxf5
{[%clk 0:15:17]} Qxf5 {[%clk 0:23:23]} 21. b4 {[%clk 0:14:34]} a6 {[%clk
0:20:43]} 22. a4 {[%clk 0:14:43]} Rec8 {[%clk 0:17:40]} 23. Re1 {[%clk 0:13:49]}
Bd7 {[%clk 0:15:39]} 24. Nd3 {[%clk 0:12:49]} Nc6 {[%clk 0:14:42]} 25. Nc5 {[%clk
0:11:04]} Nxb4 {[%clk 0:14:02]} 26. Nxb7 {[%clk 0:10:52]} Rc6 {[%clk 0:14:22]}
27. Nc5 {[%clk 0:10:34]} Bxc5 {[%clk 0:13:05]} 28. dxc5 {[%clk 0:10:33]} Nd3
{[%clk 0:13:11]} 29. g4 {[%clk 0:10:36]} Qxg4+ {[%clk 0:12:51]} 30. Qxg4 {[%clk
0:11:04]} Bxg4 {[%clk 0:13:16]} 31. Nxd5 {[%clk 0:11:12]} Re8 {[%clk 0:13:08]}
32. Bd4 {[%clk 0:06:24]} Nxe1 {[%clk 0:12:33]} 33. Nf6+ {[%clk 0:05:54]} Rxf6
{[%clk 0:12:27]} 34. Bxf6 {[%clk 0:06:22]} Nd3 {[%clk 0:12:03]} 35. Rc3 {[%clk
0:06:17]} Bh3 {[%clk 0:12:25]} 0-1

[Event "Women's Baku Chess Olympiad"]
[Site "chess24.com"]
[Date "2016.09.05"]
[Round "4"]
[White "Chelushkina, Irina"]
[Black "Agrest, Inna"]
[Result "1-0"]
[Board "2"]
[WhiteID "928615"]
[WhiteElo "2221"]
[WhiteTitle "WGM"]
[WhiteCountry "SRB"]
[WhiteFideId "928615"]
[WhiteEloChange "10"]
[BlackID "1708830"]
[BlackElo "2222"]
[BlackTitle "WIM"]
[BlackCountry "SWE"]
[BlackFideId "1708830"]
[BlackEloChange "-10"]

1. g3 {[%clk 1:30:56]} Nf6 {[%clk 1:30:45]} 2. Bg2 {[%clk 1:31:18]} g6 {[%clk
1:30:54]} 3. e4 {[%clk 1:30:43]} d6 {[%clk 1:31:10]} 4. d4 {[%clk 1:31:07]} Bg7
{[%clk 1:31:21]} 5. Nc3 {[%clk 1:31:29]} O-O {[%clk 1:30:24]} 6. Nge2 {[%clk
1:31:50]} Nbd7 {[%clk 1:30:32]} 7. O-O {[%clk 1:31:48]} c5 {[%clk 1:30:14]} 8. a4
{[%clk 1:30:26]} Rb8 {[%clk 1:25:32]} 9. d5 {[%clk 1:29:42]} b6 {[%clk 1:22:51]}
10. Nb5 {[%clk 1:28:18]} Rb7 {[%clk 1:05:38]} 11. c4 {[%clk 1:28:24]} Ne8 {[%clk
0:57:30]} 12. h3 {[%clk 1:21:16]} a6 {[%clk 0:52:24]} 13. Na3 {[%clk 1:21:37]}
Nc7 {[%clk 0:50:11]} 14. Nc3 {[%clk 1:16:23]} b5 {[%clk 0:39:01]} 15. cxb5 {[%clk
1:05:49]} axb5 {[%clk 0:38:42]} 16. Ncxb5 {[%clk 1:04:51]} Nxb5 {[%clk 0:37:13]}
17. axb5 {[%clk 1:02:02]} Nb6 {[%clk 0:35:59]} 18. Qb3 {[%clk 0:58:38]} Bd7
{[%clk 0:33:31]} 19. Bd2 {[%clk 0:56:26]} Nc8 {[%clk 0:29:04]} 20. Rfe1 {[%clk
0:53:43]} Na7 {[%clk 0:28:16]} 21. e5 {[%clk 0:49:51]} Bxb5 {[%clk 0:19:10]} 22.
Bc3 {[%clk 0:36:23]} Qb8 {[%clk 0:13:17]} 23. Qc2 {[%clk 0:35:44]} dxe5 {[%clk
0:12:39]} 24. Qc1 {[%clk 0:28:25]} Qd6 {[%clk 0:11:30]} 25. h4 {[%clk 0:28:31]}
Ba6 {[%clk 0:05:52]} 26. Qe3 {[%clk 0:28:50]} f6 {[%clk 0:05:28]} 27. h5 {[%clk
0:27:03]} Nc8 {[%clk 0:04:00]} 28. h6 {[%clk 0:25:54]} Bh8 {[%clk 0:04:27]} 29.
f4 {[%clk 0:24:39]} exf4 {[%clk 0:03:17]} 30. gxf4 {[%clk 0:25:04]} Rb4 {[%clk
0:02:10]} 31. Bxb4 {[%clk 0:23:01]} cxb4 {[%clk 0:02:36]} 32. Nc2 {[%clk
0:23:28]} f5 {[%clk 0:01:45]} 33. Nxb4 {[%clk 0:16:32]} Bb7 {[%clk 0:02:01]} 34.
Qe6+ {[%clk 0:14:25]} Qxe6 {[%clk 0:02:06]} 35. Rxe6 {[%clk 0:14:47]} Bxb2 {[%clk
0:02:10]} 36. Rb1 {[%clk 0:14:39]} Bf6 {[%clk 0:01:47]} 37. Nc6 {[%clk 0:13:14]}
Ba8 {[%clk 0:01:51]} 38. Rb8 {[%clk 0:11:27]} Nd6 {[%clk 0:02:13]} 39. Nd8 {[%clk
0:35:20]} Nf7 {[%clk 0:30:43]} 40. Rxa8 {[%clk 0:34:40]} Rxd8 {[%clk 0:30:36]}
41. Rxd8+ {[%clk 0:34:55]} Nxd8 {[%clk 0:31:03]} 42. Ra6 {[%clk 0:35:01]} Kf7
{[%clk 0:28:15]} 43. d6 {[%clk 0:30:40]} Bd4+ {[%clk 0:16:57]} 44. Kf1 {[%clk
0:29:37]} Ke6 {[%clk 0:14:57]} 45. Bd5+ {[%clk 0:28:53]} Kd7 {[%clk 0:15:14]} 46.
dxe7 {[%clk 0:28:07]} Kxe7 {[%clk 0:15:16]} 47. Ke2 {[%clk 0:28:19]} Bc5 {[%clk
0:13:52]} 48. Kf3 {[%clk 0:27:33]} Bd4 {[%clk 0:09:40]} 49. Ke2 {[%clk 0:24:43]}
Bc5 {[%clk 0:09:39]} 50. Kd3 {[%clk 0:25:09]} Bf2 {[%clk 0:08:16]} 51. Rxg6
{[%clk 0:24:17]} Bh4 {[%clk 0:06:08]} 52. Ra6 {[%clk 0:18:47]} Bf2 {[%clk
0:06:18]} 53. Rg6 {[%clk 0:14:13]} Bh4 {[%clk 0:05:34]} 54. Rg7+ {[%clk 0:14:38]}
Kd6 {[%clk 0:04:00]} 55. Rxh7 {[%clk 0:11:58]} Kxd5 {[%clk 0:03:49]} 56. Rd7+
{[%clk 0:12:23]} Ke6 {[%clk 0:04:12]} 57. h7 {[%clk 0:12:49]} Kxd7 {[%clk
0:03:16]} 58. h8Q {[%clk 0:13:13]} Be7 {[%clk 0:03:29]} 59. Qe5 {[%clk 0:12:43]}
Ne6 {[%clk 0:03:03]} 60. Qxf5 {[%clk 0:13:00]} Bd6 {[%clk 0:02:59]} 61. Qf7+
{[%clk 0:12:28]} Be7 {[%clk 0:03:22]} 62. f5 {[%clk 0:11:20]} Nc5+ {[%clk
0:03:17]} 63. Kc4 {[%clk 0:11:32]} Nb7 {[%clk 0:03:06]} 64. Kd5 {[%clk 0:11:51]}
Nd8 {[%clk 0:02:11]} 65. Qg7 {[%clk 0:11:44]} Ke8 {[%clk 0:02:04]} 66. Qg6+
{[%clk 0:11:31]} Kd7 {[%clk 0:01:50]} 67. f6 {[%clk 0:11:15]} Bf8 {[%clk
0:01:33]} 68. Qg8 {[%clk 0:11:23]} Ke8 {[%clk 0:01:00]} 69. Qh8 {[%clk 0:10:38]}
Nf7 {[%clk 0:00:45]} 70. Qh5 {[%clk 0:10:57]} 1-0

[Event "Women's Baku Chess Olympiad"]
[Site "chess24.com"]
[Date "2016.09.05"]
[Round "4"]
[White "Eric, Jovana"]
[Black "Cramling Bellon, Anna"]
[Result "1-0"]
[Board "4"]
[WhiteID "938238"]
[WhiteElo "2161"]
[WhiteTitle "WIM"]
[WhiteCountry "SRB"]
[WhiteFideId "938238"]
[WhiteEloChange "4"]
[BlackID "32009232"]
[BlackElo "1913"]
[BlackCountry "SWE"]
[BlackFideId "32009232"]
[BlackEloChange "-4"]

1. e4 {[%clk 1:30:57]} c5 {[%clk 1:30:54]} 2. Nf3 {[%clk 1:31:18]} d6 {[%clk
1:31:17]} 3. d4 {[%clk 1:31:39]} cxd4 {[%clk 1:31:39]} 4. Nxd4 {[%clk 1:32:04]}
Nf6 {[%clk 1:32:03]} 5. Nc3 {[%clk 1:32:29]} a6 {[%clk 1:32:24]} 6. Be2 {[%clk
1:32:17]} e5 {[%clk 1:32:38]} 7. Nb3 {[%clk 1:32:42]} Be7 {[%clk 1:32:44]} 8. Bg5
{[%clk 1:32:38]} Nbd7 {[%clk 1:18:52]} 9. Qd3 {[%clk 1:30:11]} b5 {[%clk
1:12:14]} 10. Bxf6 {[%clk 1:15:47]} Nxf6 {[%clk 1:11:53]} 11. Rd1 {[%clk
1:09:14]} Qc7 {[%clk 1:07:31]} 12. O-O {[%clk 1:07:56]} O-O {[%clk 1:01:50]} 13.
a3 {[%clk 1:04:11]} Bb7 {[%clk 0:56:34]} 14. Bf3 {[%clk 1:02:25]} Rac8 {[%clk
0:55:35]} 15. Rfe1 {[%clk 1:01:26]} Rfd8 {[%clk 0:48:44]} 16. Nd2 {[%clk
0:58:35]} Nd7 {[%clk 0:41:46]} 17. Bg4 {[%clk 0:52:01]} Rb8 {[%clk 0:36:04]} 18.
Nf1 {[%clk 0:50:50]} Nb6 {[%clk 0:34:12]} 19. Ne3 {[%clk 0:49:01]} g6 {[%clk
0:33:59]} 20. g3 {[%clk 0:40:35]} Bg5 {[%clk 0:19:18]} 21. b3 {[%clk 0:34:19]}
Bc6 {[%clk 0:12:53]} 22. h4 {[%clk 0:33:45]} Bh6 {[%clk 0:12:47]} 23. h5 {[%clk
0:32:59]} Qb7 {[%clk 0:12:30]} 24. hxg6 {[%clk 0:32:35]} hxg6 {[%clk 0:12:53]}
25. Qe2 {[%clk 0:26:56]} Bf8 {[%clk 0:08:39]} 26. Ned5 {[%clk 0:23:58]} Nxd5
{[%clk 0:08:25]} 27. Nxd5 {[%clk 0:23:12]} Bxd5 {[%clk 0:08:32]} 28. Rxd5 {[%clk
0:23:37]} f5 {[%clk 0:07:42]} 29. Bf3 {[%clk 0:24:03]} Qg7 {[%clk 0:07:09]} 30.
Qd3 {[%clk 0:24:10]} Qf6 {[%clk 0:07:02]} 31. Kg2 {[%clk 0:20:54]} Be7 {[%clk
0:06:46]} 32. a4 {[%clk 0:16:51]} bxa4 {[%clk 0:05:01]} 33. Qxa6 {[%clk 0:14:17]}
axb3 {[%clk 0:05:09]} 34. cxb3 {[%clk 0:14:44]} Rb4 {[%clk 0:03:02]} 35. Rb5
{[%clk 0:13:38]} Rb8 {[%clk 0:02:52]} 36. Rxb8+ {[%clk 0:13:21]} Rxb8 {[%clk
0:03:21]} 37. exf5 {[%clk 0:13:19]} gxf5 {[%clk 0:03:30]} 38. Bd5+ {[%clk
0:12:22]} Kg7 {[%clk 0:03:50]} 39. Qa7 {[%clk 0:12:07]} Rh8 {[%clk 0:01:14]} 40.
Rc1 {[%clk 0:42:19]} Kg6 {[%clk 0:31:14]} 41. Rc7 {[%clk 0:40:56]} Rh7 {[%clk
0:18:19]} 42. b4 {[%clk 0:37:59]} Qg5 {[%clk 0:16:23]} 43. Qb8 {[%clk 0:33:26]}
e4 {[%clk 0:08:56]} 44. Qg8+ {[%clk 0:28:53]} Rg7 {[%clk 0:09:04]} 45. Qe6+
{[%clk 0:29:01]} Kh7 {[%clk 0:03:24]} 46. b5 {[%clk 0:26:56]} Qg4 {[%clk
0:03:12]} 47. Rc3 {[%clk 0:25:11]} Qf4 {[%clk 0:01:16]} 48. b6 {[%clk 0:23:29]}
Qe5 {[%clk 0:01:23]} 49. b7 {[%clk 0:18:04]} Qxc3 {[%clk 0:01:23]} 50. Qxf5+
{[%clk 0:18:31]} Rg6 {[%clk 0:00:33]} 51. b8Q {[%clk 0:18:29]} 1-0

[Event "Women's Baku Chess Olympiad"]
[Site "chess24.com"]
[Date "2016.09.05"]
[Round "4"]
[White "Ju, Wenjun"]
[Black "Rogule, Laura"]
[Result "*"]
[Board "2"]
[WhiteID "8603006"]
[WhiteElo "2583"]
[WhiteTitle "GM"]
[WhiteCountry "CHN"]
[WhiteFideId "8603006"]
[BlackID "11601876"]
[BlackElo "2306"]
[BlackTitle "WGM"]
[BlackCountry "LAT"]
[BlackFideId "11601876"]

1. d4 {[%clk 1:30:37]} d5 {[%clk 1:30:51]} 2. c4 {[%clk 1:30:57]} e6 {[%clk
1:31:13]} 3. Nc3 {[%clk 1:31:07]} Nf6 {[%clk 1:31:25]} 4. cxd5 {[%clk 1:30:48]}
exd5 {[%clk 1:31:43]} 5. Bg5 {[%clk 1:31:14]} c6 {[%clk 1:30:14]} 6. e3 {[%clk
1:31:29]} Be7 {[%clk 1:30:01]} 7. Bd3 {[%clk 1:31:36]} Nbd7 {[%clk 1:29:28]} 8.
Nge2 {[%clk 1:27:29]} O-O {[%clk 1:26:25]} 9. O-O {[%clk 1:26:37]} Re8 {[%clk
1:26:32]} 10. Qc2 {[%clk 1:23:58]} Nf8 {[%clk 1:26:10]} 11. f3 {[%clk 1:15:22]}
g6 {[%clk 1:24:16]} 12. Rae1 {[%clk 1:13:31]} b6 {[%clk 1:14:51]} 13. Kh1 {[%clk
1:08:35]} Ne6 {[%clk 1:08:41]} 14. Bh4 {[%clk 1:04:12]} Bb7 {[%clk 1:06:43]} 15.
Rd1 {[%clk 1:03:25]} Rc8 {[%clk 1:03:24]} 16. h3 {[%clk 0:59:55]} Nd7 {[%clk
0:47:20]} 17. Bf2 {[%clk 0:58:05]} c5 {[%clk 0:40:44]} 18. dxc5 {[%clk 0:57:45]}
bxc5 {[%clk 0:40:24]} 19. Bb5 {[%clk 0:55:04]} Nc7 {[%clk 0:40:22]} 20. Ba4
{[%clk 0:47:02]} Rf8 {[%clk 0:35:32]} 21. Bxd7 {[%clk 0:41:10]} Qxd7 {[%clk
0:35:52]} 22. Nxd5 {[%clk 0:39:29]} Nxd5 {[%clk 0:29:26]} 23. e4 {[%clk 0:39:43]}
Rfd8 {[%clk 0:26:39]} 24. Nc3 {[%clk 0:36:05]} Qe6 {[%clk 0:20:35]} 25. exd5
{[%clk 0:36:15]} Qa6 {[%clk 0:19:39]} 26. Rfe1 {[%clk 0:34:46]} Bf8 {[%clk
0:16:26]} 27. a3 {[%clk 0:30:58]} Rd7 {[%clk 0:16:03]} 28. Bh4 {[%clk 0:30:17]}
h6 {[%clk 0:13:44]} 29. Re2 {[%clk 0:19:39]} g5 {[%clk 0:10:04]} 30. Bf2 {[%clk
0:19:51]} Rcd8 {[%clk 0:10:00]} 31. Red2 {[%clk 0:19:32]} c4 {[%clk 0:07:43]} 32.
Qf5 {[%clk 0:17:17]} Bg7 {[%clk 0:06:13]} 33. Bd4 {[%clk 0:17:26]} Bxd4 {[%clk
0:01:41]} 34. Rxd4 {[%clk 0:17:53]} Kg7 {[%clk 0:01:44]} 35. d6 {[%clk 0:15:57]}
Bc6 {[%clk 0:00:43]} 36. h4 {[%clk 0:15:40]} f6 {[%clk 0:01:01]} 37. h5 {[%clk
0:15:55]} Qb7 {[%clk 0:00:47]} 38. Qg6+ {[%clk 0:16:04]} Kh8 {[%clk 0:00:51]} 39.
Qxh6+ {[%clk 0:13:45]} Kg8 {[%clk 0:01:18]} 40. Qxf6 {[%clk 0:44:02]} *

[Event "Women's Baku Chess Olympiad"]
[Site "chess24.com"]
[Date "2016.09.05"]
[Round "4"]
[White "Pham, Le Thao Nguyen"]
[Black "Calzetta Ruiz, Monica"]
[Result "1-0"]
[Board "1"]
[WhiteID "12401226"]
[WhiteElo "2338"]
[WhiteTitle "IM"]
[WhiteCountry "VIE"]
[WhiteFideId "12401226"]
[WhiteEloChange "7"]
[BlackID "2204185"]
[BlackElo "2249"]
[BlackTitle "WGM"]
[BlackCountry "ESP"]
[BlackFideId "2204185"]
[BlackEloChange "-7"]

1. d4 {[%clk 1:30:54]} Nf6 {[%clk 1:30:53]} 2. g3 {[%clk 1:30:21]} c5 {[%clk
1:30:20]} 3. d5 {[%clk 1:30:08]} g6 {[%clk 1:29:35]} 4. Bg2 {[%clk 1:29:58]} Bg7
{[%clk 1:29:15]} 5. c4 {[%clk 1:29:13]} O-O {[%clk 1:25:15]} 6. Nc3 {[%clk
1:29:13]} e6 {[%clk 1:23:23]} 7. Nf3 {[%clk 1:23:56]} exd5 {[%clk 1:19:56]} 8.
cxd5 {[%clk 1:24:08]} b5 {[%clk 1:00:35]} 9. d6 {[%clk 1:17:10]} Bb7 {[%clk
1:00:00]} 10. O-O {[%clk 1:17:05]} b4 {[%clk 0:56:50]} 11. Nb5 {[%clk 1:06:58]}
Na6 {[%clk 0:49:34]} 12. a4 {[%clk 1:02:08]} Qb6 {[%clk 0:48:44]} 13. Ne5 {[%clk
0:53:42]} Bxg2 {[%clk 0:47:28]} 14. Kxg2 {[%clk 0:49:57]} Rfe8 {[%clk 0:38:45]}
15. Nc4 {[%clk 0:44:13]} Qb7+ {[%clk 0:38:33]} 16. Kg1 {[%clk 0:37:47]} Qe4
{[%clk 0:29:20]} 17. b3 {[%clk 0:33:06]} Qxe2 {[%clk 0:27:33]} 18. Be3 {[%clk
0:32:48]} Qxd1 {[%clk 0:27:07]} 19. Raxd1 {[%clk 0:33:09]} Ne4 {[%clk 0:15:16]}
20. Rd3 {[%clk 0:29:43]} h6 {[%clk 0:08:47]} 21. Kg2 {[%clk 0:28:01]} g5 {[%clk
0:08:42]} 22. h3 {[%clk 0:27:26]} f5 {[%clk 0:06:47]} 23. Rd5 {[%clk 0:21:35]}
Rf8 {[%clk 0:06:22]} 24. Nc7 {[%clk 0:20:30]} Nxc7 {[%clk 0:06:50]} 25. dxc7
{[%clk 0:20:50]} Rfc8 {[%clk 0:03:39]} 26. Rxd7 {[%clk 0:13:44]} Nf6 {[%clk
0:04:03]} 27. Rd8+ {[%clk 0:11:14]} Rxd8 {[%clk 0:04:28]} 28. cxd8Q+ {[%clk
0:11:34]} Rxd8 {[%clk 0:04:55]} 29. Bxc5 {[%clk 0:11:54]} Rd3 {[%clk 0:04:33]}
30. Rb1 {[%clk 0:11:30]} Nd5 {[%clk 0:05:01]} 31. Bxa7 {[%clk 0:11:08]} f4 {[%clk
0:05:13]} 32. Bc5 {[%clk 0:10:51]} Nc3 {[%clk 0:04:07]} 33. Re1 {[%clk 0:10:26]}
Ne2 {[%clk 0:04:26]} 34. Kf1 {[%clk 0:09:52]} f3 {[%clk 0:04:53]} 35. a5 {[%clk
0:09:55]} Bc3 {[%clk 0:02:42]} 36. Rb1 {[%clk 0:09:54]} Rd5 {[%clk 0:02:50]} 37.
Be3 {[%clk 0:09:52]} Rd8 {[%clk 0:02:23]} 38. Bb6 {[%clk 0:09:00]} Ra8 {[%clk
0:01:57]} 39. Rd1 {[%clk 0:09:04]} Nd4 {[%clk 0:01:05]} 40. Bxd4 {[%clk 0:38:43]}
Rd8 {[%clk 0:31:34]} 41. Rd3 {[%clk 0:38:51]} Rxd4 {[%clk 0:29:53]} 42. Rxd4
{[%clk 0:37:53]} Bxd4 {[%clk 0:30:21]} 43. Nd2 {[%clk 0:38:12]} Kf7 {[%clk
0:29:06]} 44. Nxf3 {[%clk 0:38:05]} Bc5 {[%clk 0:26:41]} 45. Ne5+ {[%clk
0:37:22]} Ke6 {[%clk 0:27:07]} 46. Nd3 {[%clk 0:37:33]} Bd6 {[%clk 0:24:12]} 47.
a6 {[%clk 0:37:01]} Bb8 {[%clk 0:24:33]} 48. Nxb4 {[%clk 0:37:21]} Kd6 {[%clk
0:24:57]} 49. Ke2 {[%clk 0:37:07]} Kc5 {[%clk 0:25:20]} 50. Nd3+ {[%clk 0:37:15]}
Kb6 {[%clk 0:25:39]} 51. Kf3 {[%clk 0:37:34]} 1-0